Vida y obra del primer Conde de Regla / (Record no. 39806)

MARC details
000 -LEADER
campo de control de longitud fija 00825nam a2200217 i 4500
001 - NÚMERO DE CONTROL
campo de control 39806
003 - IDENTIFICADOR DE NÚMERO DE CONTROL
campo de control ES-MaACL
005 - FECHA Y HORA DE LA ÚLTIMA TRANSACCIÓN
campo de control 20250909195804.0
007 - CAMPO FIJO DE DESCRIPCIÓN FÍSICA--INFORMACIÓN GENERAL
campo de control de longitud fija t|
008 - DATOS DE LONGITUD FIJA--INFORMACIÓN GENERAL
campo de control de longitud fija 030304s1975 sp ||||1| spa d
100 1# - ENTRADA PRINCIPAL--NOMBRE DE PERSONA
Nombre de persona Canteria y Martín de Tovar, Francisco.
9 (RLIN) 34645
245 10 - MENCIÓN DEL TÍTULO
Título Vida y obra del primer Conde de Regla /
Mención de responsabilidad, etc. Francisco Canteria y Martín de Tovar ; prólogo de José Antonio Calderón de Quijano.
250 ## - MENCION DE EDICION
Mención de edición [1ª ed.].
260 ## - PUBLICACIÓN, DISTRIBUCIÓN, ETC.
Lugar de publicación, distribución, etc. Sevilla :
Nombre del editor, distribuidor, etc. Escuela de Estudios Hispano-Americanos,
Fecha de publicación, distribución, etc. 1975.
300 ## - DESCRIPCIÓN FÍSICA
Extensión XVIII, 160 p., 6 lám. ;
Dimensiones 19 cm.
600 04 - PUNTO DE ACCESO ADICIONAL DE MATERIA--NOMBRE DE PERSONA
Nombre de persona Romero de Terreros, Pedro,
Títulos y otros términos asociados al nombre Conde de Regla
9 (RLIN) 99380
700 1# - ENTRADA AGREGADA--NOMBRE PERSONAL
Nombre de persona Calderón Quijano, José Antonio.
9 (RLIN) 33626
710 2# - ENTRADA AGREGADA--NOMBRE DE ENTIDAD CORPORATIVA
Nombre de entidad corporativa o nombre de jurisdicción como elemento de entrada Escuela de Estudios Hispano-Americanos (Sevilla)
9 (RLIN) 134366
852 ## - LOCALIZACIÓN
Ubicación ES-MaACL
Número de control de estantería E-7785
Sublocalización o colección R.91992
Holdings
Estatus retirado Estado de pérdida Estado de daño No para préstamo Biblioteca de origen Biblioteca actual Ubicación en estantería Fecha de adquisición Fuente de adquisición Total de préstamos Signatura topográfica completa Código de barras Visto por última vez Precio de reemplazo Tipo de ítem Koha
        Biblioteca del Ateneo de Madrid Biblioteca del Ateneo de Madrid Depósito 2 17/01/2008     E-7785 1041917 23/02/2023 23/02/2023 Libro impreso